000 02373cam a22004934i 4500
003 PE-LiUPU
005 20250731173415.0
008 150706s2012 ck rb 000 0 spa d
020 _a9780311036530
035 _a(Sirsi) i9780311036530
040 _aPE-LiUPU
_bspa
_cPE-LiUPU
_erda
049 _aPRUA
082 0 4 _a220.6
_bF83
_221
100 1 _aDe la Fuente, Tomás,
_eautor.
245 1 0 _aClaves de interpretación bíblica :
_bTomás de la Fuente.
250 _a27a.
264 1 _aColombia :
_bEditorial Mundo Hispano,
_c2012.
300 _a191 páginas ;
_c21 centímetros
336 _atext
_2rdacontent
337 _aunmediated
_2rdamedia
338 _avolume
_2rdacarrier
504 _aIncluye bibliografía.
505 0 _aObservaciones preliminares sobre la interpretación bíblica -- El espíritu correcto -- El método correcto -- Lea siempre con cuidado -- El significado de palabras individuales -- El contexto -- Pasajes paralelos -- El mensaje de la biblia entera -- El propósito, el plan, y las limitaciones de cada escritura -- Las circunstancias históricas -- La clave de los dos testamentos -- Figuras literarias -- Modismos hebraicos -- Tipos -- Símbolos -- Parábolas -- Alegorías -- Fábulas, adivinanzas, enigmas y proverbios -- Poesía hebrea -- Interpretación de la profecía.-Problemas de citas escriturarias -- Supuestas contradicciones históricas -- Dificultades doctrinales -- Libros recomendados para la biblioteca del intérprete.
526 _aSEG42
526 _aSEG41
526 _aSEG40
526 _aSEG39
526 _aP94
526 _aP87
526 _aP86
526 _aP85
526 _aP77
526 _aP76
526 _aP35
541 _g001-0000565;
630 _aBiblia
_xCrítica, interpretación, etc.
650 0 4 _aHermenéutica bíblica.
910 _agl
_bjv
_cng
_d20120521
942 _2ddc
_cBOOK
949 _a220.6 F83
_wDEWEY
_c1
_i64668
_lCCODEBUL1
_mBUL
_p10.00
_r0
_sY
_tBOOK
_u2015-7-6
_xTEOLOGIA
_PP35
_o.STAFF. Colección General
994 _aC0
_bPEPRU
596 _a1
999 _a220.6 F83
_wDEWEY
_c53374
_i64668
_d53374
_e2016-5-18
_f2021-11-9
_g5
_lCCODEBUL1
_mBUL
_n1
_p10.00
_q2
_r0
_sY
_tBOOK
_u2015-7-6
_xTEOLOGIA
_PP35
_0COMPRA
_o.STAFF. Colección Teología
980 _81
_gALBERTO SANCHEZ Responsable de Automatización